| 000 -LEADER |
| fixed length control field |
00911cam a2200277 a 4500 |
| 020 ## - INTERNATIONAL STANDARD BOOK NUMBER |
| ISBN |
0803118600 |
| 040 ## - CATALOGING SOURCE |
| Transcribing agency |
DLC |
| 082 00 - DEWEY DECIMAL CLASSIFICATION NUMBER |
| Classification number |
615 AST 1993 A044 Or. |
| 245 00 - TITLE STATEMENT |
| Title |
Environmental toxicology and risk assessment / |
| 260 ## - PUBLICATION, DISTRIBUTION, ETC. (IMPRINT) |
| Place of publication |
Philadelphia, PA : |
| Name of publisher |
ASTM, |
| Year of publication |
c1993 |
| 300 ## - PHYSICAL DESCRIPTION |
| Number of Pages |
431 p. : |
| Other physical details |
ill. ; |
| Dimensions |
24 cm |
| 490 1# - SERIES STATEMENT |
| Series statement |
STP ; |
| 500 ## - GENERAL NOTE |
| General note |
"February 1993"--T.p. verso |
| 500 ## - GENERAL NOTE |
| General note |
Papers based on the First Symposium on Environmental Toxicology and Risk Assessment held in Atlantic City, N.J., 14-16 April, 1991 |
| 500 ## - GENERAL NOTE |
| General note |
"ASTM publication code number (PCN) 04-011790-16." |
| 650 #0 - SUBJECT ADDED ENTRY--TOPICAL TERM |
| Topical Term |
Pollution |
| 650 #0 - SUBJECT ADDED ENTRY--TOPICAL TERM |
| Topical Term |
Health risk assessment |
| 650 #0 - SUBJECT ADDED ENTRY--TOPICAL TERM |
| Topical Term |
Environmental health |
| 650 #2 - SUBJECT ADDED ENTRY--TOPICAL TERM |
| Topical Term |
Environmental Health |
| 650 #2 - SUBJECT ADDED ENTRY--TOPICAL TERM |
| Topical Term |
Environmental Monitoring |
| 650 #2 - SUBJECT ADDED ENTRY--TOPICAL TERM |
| Topical Term |
Environmental Pollutants |
| 700 1# - ADDED ENTRY--PERSONAL NAME |
| Personal name |
Landis, Wayne G |
| 700 1# - ADDED ENTRY--PERSONAL NAME |
| Personal name |
Hughes, Jane S., |
| 700 1# - ADDED ENTRY--PERSONAL NAME |
| Personal name |
Lewis, Michael A. |
| 942 ## - ADDED ENTRY ELEMENTS (KOHA) |
| Koha item type |
សៀវភៅភាសាអង់គ្លេស |
| 952 ## - LOCATION AND ITEM INFORMATION (KOHA) |
| Withdrawn status [LOCAL, KOHA] |
0 |